[Event "HUN-chT2 Charousek 0001"]
[Site "Hungary"]
[Date "2001.03.04"]
[Round "8"]
[White "Zentai, Gyorgy"]
[Black "Biskopics, Boglarka"]
[Result "1-0"]
[WhiteElo "2064"]
[BlackElo "1765"]
[PlyCount "57"]
[EventDate "2000.11.26"]
[EventType "team"]
[EventRounds "11"]
[EventCountry "HUN"]
[SourceTitle "EXT 2007"]
[Source "ChessBase"]
[SourceDate "2006.11.23"]
[SourceVersion "1"]
[SourceVersionDate "2006.11.23"]
[SourceQuality "1"]
[WhiteTeam "Statisztika II"]
[BlackTeam "Nagykanizsa"]
[WhiteTeamCountry "HUN"]
[BlackTeamCountry "HUN"]

1. e4 c5 2. Nf3 Nc6 3. d4 cxd4 4. Nxd4 Qc7 5. Nc3 e6 6. Be3 a6 7. Bd3 Nf6 8. 0-0 Be7 9. Kh1 d6 10. f4 0-0 11. Qf3 Bd7 12. Qg3 Nxd4 13. Bxd4 Bc6 14. Rae1 Rae8 15. e5 dxe5 16. Bxe5 Qc8 17. f5 Rd8 18. Qh3 h6 19. Qg3 Bd5 20. fxe6 fxe6 21. Qg6 Qc6 22. Nxd5 Qxd5 23. b3 Qc6 24. Rf3 Qe8 25. Qg3 Nh5 26. Qg4 Bb4 27. Ref1 Rxf3 28. Qxf3 Bc5 29. Qe4 1-0